MDQL
is popping MORE tags! Check the
thread
!
Quizzes
Events
Quiz Creation
Community
Videos
Private Events
Remove Ads
Sign In
Join for FREE
Feedback
Dark Mode
Quiz Categories
Sports
Geography
Music
Movies
Television
Just For Fun
Miscellaneous
History
Literature
Language
Science
Gaming
Entertainment
Religion
Holiday
For Kids
Quiz Lab
Recent
Popular Today
Quiz Kudos Today
Editor Picks
Curator Picks
Quizzes by...
Day
Popularity
Type
Ratings
Length
Year
Community
Subscriptions
Recent Discussions
Orange Saloon
Badges
Playlists
Quests
Create
Leaderboards
Showdown
Live 5
Trivia Bingo
Activity
Puzzle Library
Sporcle Events
Private Events
Virtual Trivia
Globe League
Become a Host
Pub Owners
SporcleCon
Opinionation
Our Games
Videos
Blog
Mobile Apps
Partnerships
Remove Ads and Go Orange
Feedback
Gaming
Video Games
Board Games
Card Games
Pokémon
Mario
Nintendo
Minecraft
Console
Toys
Legend of Zelda
Gaming
Video Games
Board Games
Card Games
Pokémon
Mario
Nintendo
Minecraft
Console
Toys
Legend of Zelda
Random Quiz
Search Sporcle
×
Quiz Lab
Quiz Lab
Gaming
Network
Type in answers that appear in a list
Type in answers that appear in a list
Classic
Best Score? Go Orange.
Mega Man Battle Network Chips Stats
Can you name the chips from Mega Man Battle Network 1?
By
Laytruce
12m
69 Questions
186 Plays
186 Plays
186 Plays
Comments
Comments
Give Quiz Kudos
Give Quiz Kudos
-
- Ratings
hide this ad
More Info
Random Order
Randomize order of answers
Randomize order of answers
Replay
Link that replays current quiz
Next Quiz
Link to next quiz in quiz playlist
You Got
0%
They Got
Avg Score
54%
Avg Friend Score
Upgrade to see
Score Distribution
Jump to the score distribution portion of the page
Score
0/69
Timer
12:00
0
Plays Today
Hint
Chip(s)
% Correct
Appears in every BN game (3)
Cannon, HiCannon, M-Cannon
89.2%
Appears in every BN game (3)
Sword, WideSword, LongSword
82.8%
Barrel?/
Classic pun (3)
Roll, Roll2, Roll3
79.6%
If only HeatStyle had a charge shot like this... (3)
FireMan, FireMan2, FireMan3
79%
Personal punching bag (3)
GutsMan, GutsMan2, GutsMan3
78.5%
Can't sleep...clown will eat me! (3)
ColorMan, ColorMan2, ColorMan3
74.7%
Mega Man 3?/
Be sure to eat your fish, boy! (3)
SharkMan, SharkMan2, SharkMan3
74.7%
Helps against claustrophobia (1)
Steal
73.7%
Timberrrr! (3)
WoodMan, WoodMan2, WoodMan3
73.7%
Wait for it.../
Time is ticking... (3)
TimeBomb1, TimeBomb2, TimeBomb3
73.1%
Legitimately unobtainable/
NO NOT THE FISH (1)
Bass
72%
Who R U?/
My battery died... (3)
ElecMan, ElecMan2, ElecMan3
71.5%
Received from staple enemy (3)
ShockWave, SonicWave, DynaWave
71%
His japanese name makes no sense. Maybe he's colorblind. (3)
ProtoMan, ProtoMan2, ProtoMan3
71%
Three squares (4)
MiniBomb, LilBomb, CrossBomb, BigBomb
69.9%
And now for my next trick... (3)
MagicMan, MagicMan2, MagicMan3
69.9%
C'mon, lucky seven! (3)
NumberMan, NumberMan2, NumberMan3
68.8%
They're shooting their head at me?/
Final Boss (4)
AquaAura, FireAura, WoodAura, LifeAura
66.7%
So are those stalactites or stalagmites? (3)
IceMan, IceMan2, IceMan3
66.7%
Probably the one who invented FootBomb (3)
BombMan, BombMan2, BombMan3
66.7%
Received from staple enemy (1)
MetGuard
65.6%
Nice Halloween costume/
Doesn't really need his arms (3)
SkullMan, SkullMan2, SkullMan3
65.1%
Weak, but multi-
target (3)
Shotgun, Crossgun, Spreader
63.4%
brb (3)
Invis1, Invis2, Invis3
63.4%
*insert drugs joke here* (3)
StoneMan, StoneMan2, StoneMan3
63.4%
Steerable, elemental (3)
FireTower, AquaTower, WoodTower
60.2%
Largest series, appears in every BN game (8)
Recover 10, 30, 50, 80, 120, 150, 200, 300
59.7%
Rival of Pirate Man (3)
ShadowMan, ShadowMan2, ShadowMan3
59.7%
Undo demolishing works (1)
Repair
59.1%
A piece of junk, something to cool your drinks with (2)
IceCube, RockCube
59.1%
Highly advanced digital teleporting device (1)
Escape
57.5%
Japanese name of another Mega Man series (1)
Dash
57%
It's what time?/
Nailed him! (1)
Hammer
57%
Guerilla?/
Whack-
A-
Mole (2)
Dropdown, PopUp
57%
Can deal up to 999 damage (1)
Muramasa
55.4%
Hint
Chip(s)
% Correct
Wields the scepter around here/
No, Moses (3)
PharaohMan, PharaohMan2, PharaohMan3
55.4%
Elemental/
One of these can fix stoves (3)
FireSword, AquaSword, ElecSword
54.3%
Remove any (advantages of) terrain (2)
Geddon1, Geddon2
53.8%
Three squares, crack (3)
Quake1, Quake2, Quake3
53.2%
Right in the face (2)
GutsPunch, IcePunch
52.7%
Can change direction once (3)
Ratton1, Ratton2, Ratton3
50.5%
Multi-
target, elemental (2)
Bubbler, Heater
50%
Forecast is looking pretty bad (3)
Cloud, Cloudier, Cloudest
48.9%
Ancient North-
African sculpture (1)
Anubis
46.8%
Little ball, slowly creeping forward (3)
Thunder1, Thunder2, Thunder3
45.2%
MegaMan's defense sharply rose! (1)
Barrier
45.2%
Are those fish blind or something? (3)
TriArrow, TriSpear, TriLance
43%
This explosion is owned by me (3)
Mine1, Mine2, Mine3
43%
*insert joke about overcompensating* (3)
FighterSword, KnightSword, HeroSword
42.5%
Come with various scents, romantic dinner? (3)
Candle1, Candle2, Candle3
42.5%
I can control TIME ITSELF! (2)
SlowGauge, FastGauge
41.9%
Trade in your standard weapon (4)
BusterGuard, BusterBomb, BusterSword, BusterPunch
40.9%
Target in sight...FIRE! (3)
Lockon1, Lockon2, Lockon3
40.3%
Everyone loves popping these/
Burst Man? (3)
BubbleWrap1, BubbleWrap2, BubbleWrap3
38.2%
Mega Man 2?/
Is this the power of nature? (1)
LeafShield
38.2%
Hard to get, three squares, crack (1)
Howitzer
37.6%
It's like hitting a Metal Slime in Dragon Quest (1)
IronBody
37.6%
Pounding the ground causes some sort of tremor (3)
Gaia1, Gaia2, Gaia3
36%
Sucks/
May cause annoying itch (3)
Drain1, Drain2, Drain3
36%
Circled Circuit/
All Your Base? (3)
RingZap1, RingZap2, RingZap3
34.9%
Mexican?/
Stay standing on a board (3)
Wave, RedWave, BigWave
34.4%
Useless against Pitfall Harry, he'd just jump over (2)
X-Panel1, X-Panel3
31.7%
Hits often, also becomes a charge shot in certain sequels (3)
Typhoon, Hurricane, Cyclone
30.1%
No chips for you (1)
Interrupt
29%
Don't show yourself, he'll explode if he sees you (3)
Dynamite1, Dynamite2, Dynamite3
29%
What do a toy airplane and a TV have in common? (3)
Remobit1, Remobit2, Remobit3
28.5%
Pretty random/
Metal Gear? (3)
SnakeEgg1, SnakeEgg2, SnakeEgg3
26.9%
I'M ON FIRE, BABY! (1)
Bodyburn
26.9%
Keep up your defense! And throw some bombs why don't you. (1)
IronShield
23.1%
Quiz Playlist
Details
Report
Send in Message
Add To Playlist
More Info:
NOTE: Some chips are sorted by series, naming one of those chips is enough. Behind each hint is the number of chips in the series.
Classic:
Type in answers that appear in a list
Random Order:
Randomize order of answers
Quiz Source
Last Updated: Feb 16, 2017
Quiz Scoreboard
CHALLENGE
Sign Up to Join the Scoreboard
Show All
Scores
Hide
Comments
May contain spoilers
Recently Published
Find the 'City' Movie
by crazypaving
Movies
60s
5x2 Blitz: Bands
by SL_Kpop136
Music
30s
Colored Red Africa Blitz
by spor1
Geography
30s
More to Explore
Quiz From the Vault
Featured Blog Post
14 Easter Pick-up Lines to Find Eggs With
hide this ad
You Might Also Like...
Tags
Network Quiz
War Quiz
battle
chip
damage
Man
mega
Today's Top Quizzes in Gaming
Browse Gaming
hide this ad
Today's Top Quizzes in Network
Browse Network
Top Contributed Quizzes in Gaming
1
Destiny 2 exotic weapons by perk icons
2
Legendary or Exotic?
3
Dead By Daylight Logic Puzzle
4
Genshin murder mystery
5
League of Legends Pro Players by Career/Team History
6
Overwatch Logic Puzzle
7
Stardew Mayhem 2: Electric Boogaloo
8
Windmill: Elements
9
Arcade Game Bunker
10
Valorant Utility Use (Up to Clove)
Explore More
Trending Topics
Kpop
Harry Potter
Marvel
Disney
NBA
Anime
Crossword
Puzzle
NFL
Soccer
Country
WWE
Pokémon
Song
The Office
hide this ad
More By:
Laytruce
Quiz
Plays
Rating
Category
Featured
Created
Mega Man Levels by Screenshot (NES)
2,525
4.41
Gaming
Jun 24, 2010
Age Of Empires 2 Buildings by Sound
2,245
4.68
Gaming
Nov 26, 2010
Mega Man X Levels by Screenshot
735
4.33
Gaming
Feb 17, 2010
Street Fighter characters in Street Fighter X Mega Man
689
3.83
Gaming
Jan 29, 2013
Pokémon by Cry (v1.5)
644
3.25
Gaming
Jul 3, 2010
Go to Creator's Profile
Score Distribution
Quiz Creator Spotlight
Laytruce
Follow
Send a Message
Quizzes Created
-
Created Quiz Play Count
-
More By This Creator
Popular Quizzes Today
1
5x2 Blitz: Bands
2
Find the 'City' Movie
3
Colored Red Africa Blitz
4
Find the US States - No Outlines Minefield
5
The Countries of the World
6
Find the US States
7
9x9 Crossword: Cartoon Network
8
US States
More Gaming Quizzes
Clue(do) Edition by Accusation
Published
Trending Quizzes
Colored Red Africa Blitz II
Colored Red Europe Blitz I
Christmas Pick: Judaism
Colored Red Africa Blitz III
Colored Red Europe Blitz II
Recently Updated
Champions League XIs: Real Madrid
pecheneg
Largest US Cities 1790-2010
pecheneg
Rides in Walt Disney World
pecheneg
Most Oscar Losses (Acting)
pecheneg
Beyoncé Albums
pecheneg
Leaping Animals
pecheneg
Reality TV Shows (A-Z)
bhenderson79
Rickey Henderson's Hall of Fame Teammates
pecheneg
Champions League XIs: Arsenal
pecheneg
Quick Pick: Celebrities in WWE's Hall of Fame
aduchscher
Trending Topics
Kpop
Harry Potter
Disney
Crossword
Anime
Marvel
NBA
Pokémon
Song
Soccer
The Office
NFL
Puzzle
WWE
Country
Your Account Isn't Verified!
In order to create a playlist on Sporcle, you need to verify the email address you used during registration. Go to your
Sporcle Settings
to finish the process.
Report this User
Report this user for behavior that violates our
Community Guidelines
.
Details:
Send Report
Go to the Sporcle.com Mobile Site →
Comments